000
00276nam a22001217a 4500
003
OSt
008
221107b |||||||| |||| 00| 0 eng d
041
_a
eng
082
_a
335
_b
DOB/ON
100
_a
Dobb, Maurice
_9
5300
245
_a
On economic theory and socialism
942
_c
BK
999
_c
17576
_d
17576